| 000 | 00659nam a2200205 a 4500 | ||
|---|---|---|---|
| 005 | 20240511063840.0 | ||
| 008 | 140402s1998 mx r 000 0 spa d | ||
| 020 | _a8426131034 | ||
| 035 | _aUPN01000196768 | ||
| 049 | _aI | ||
| 050 | 4 |
_aPZ76.3 _bB4.64 |
|
| 100 | 1 |
_aBeck, Ian Archibald, _d1947- _933261 |
|
| 245 | 1 | 0 |
_aPerdido en la nieve / _cIan Beck ; tr. de Christiane Scheurer. |
| 260 |
_aBarcelona, [Esp.] : _bJuventud, _c1998. |
||
| 300 |
_a[28] p. : _bprincipalmente il. col. |
||
| 534 |
_pTÃtulo original : _tLost in the snow : |
||
| 650 | 4 |
_aOsos _vCuentos y leyendas _910810 |
|
| 650 | 4 |
_aCuentos infantiles ingleses _910002 |
|
| 905 | _aInfantil | ||
| 999 |
_c168869 _d168869 |
||